University Home | Library Home | Institutional Repository

Vampire academy/ (Record no. 985)

MARC details
000 -LEADER
fixed length control field 00402cam a2200145 4500
008 - FIXED-LENGTH DATA ELEMENTS--GENERAL INFORMATION
fixed length control field 190611n 000 0 eng u
020 ## - INTERNATIONAL STANDARD BOOK NUMBER
International Standard Book Number 9780141328522
035 ## - SYSTEM CONTROL NUMBER
System control number (Sirsi) a211504
050 ## - LIBRARY OF CONGRESS CALL NUMBER
Classification number PZ7.M478897 MEA 2007.
100 ## - MAIN ENTRY--PERSONAL NAME
Personal name Mead, Richelle.
245 ## - TITLE STATEMENT
Title Vampire academy/
Statement of responsibility, etc. Richelle Mead.
260 ## - PUBLICATION, DISTRIBUTION, ETC.
Place of publication, distribution, etc. New York:
Name of publisher, distributor, etc. Razorbill,
Date of publication, distribution, etc. 2007.
300 ## - PHYSICAL DESCRIPTION
Extent 332pages.
650 ## - SUBJECT ADDED ENTRY--TOPICAL TERM
Topical term or geographic name entry element Vampires, Juvenile Fiction.
Holdings
Withdrawn status Lost status Source of classification or shelving scheme Damaged status Not for loan Home library Current library Shelving location Total Checkouts Full call number Barcode Date last seen Copy number Price effective from Koha item type
    Library of Congress Classification     Kitwe Library Kitwe Library On Shelf   PZ7.M478897 MEA 2007 33729005025411 08/09/2019 1 08/09/2019 Book
© 2026 - The University of Zambia Library - Koha v25.11